000 00394nam a2200109Ia 4500
008 180321s1996 xx 000 0 und d
082 _a344.046 KSP
245 _aDraft Indian biodiversity conservation Act based on the policy framework suggested by Karnataka State planning board subgroup on biodiversity policy
260 _aBangalore
_bKSPB
_c1996
300 _a62
650 _aBiodiversity Act
999 _c110816
_d110816